000
00321nam a2200133Ia 4500
008
230818s1997 xx 000 0 und d
041
_a
eng
100
_a
Lewis
245
_a
Bonsal a care manual
260
_b
Chancellor press pub.
_c
1997
300
_a
128p
520
_a
Reference Copy
999
_c
852374
_d
852374
650
_a
Hotel Housekeeping